Ч. 1; Математические модели, аналитические и численные методы в теории переноса

Chi tiết về thư mục
Parent link:Математические модели, аналитические и численные методы в теории переноса: материалы Международной школы-семинара, Минск, 15-23 октября 1986 г./ Академия наук Белорусской ССР (АН БССР), Институт тепло- и массообмена им. А. В. Лыкова (ИТМО) ; под ред. А. А. Самарского. Ч. 1.— , 1986
Ngôn ngữ:Tiếng Nga
Được phát hành: 1986
Những chủ đề:
Định dạng: MixedMaterials Sách
KOHA link:https://koha.lib.tpu.ru/cgi-bin/koha/opac-detail.pl?biblionumber=267743

MARC

LEADER 00000nam2a2200000 4500
001 267743
005 20231101234114.0
035 |a (RuTPU)RU\TPU\book\290827 
035 |a RU\TPU\book\288714 
090 |a 267743 
100 |a 20140630d1986 k y0rusy50 ca 
101 0 |a rus 
102 |a BY 
105 |a a z 101zy 
200 0 |a Ч. 1 
210 |d 1986 
215 |a 156 с.  |c ил. 
320 |a Библиография в конце статей 
461 1 |0 (RuTPU)RU\TPU\book\288714  |t Математические модели, аналитические и численные методы в теории переноса  |o материалы Международной школы-семинара, Минск, 15-23 октября 1986 г.  |f Академия наук Белорусской ССР (АН БССР), Институт тепло- и массообмена им. А. В. Лыкова (ИТМО) ; под ред. А. А. Самарского  |v Ч. 1  |d 1986 
606 1 |a Переноса явления  |x Математические исследования  |2 stltpush  |3 (RuTPU)RU\TPU\subj\48592  |9 67447 
610 1 |a теплоперенос 
610 1 |a массоперенос 
610 1 |a прямые задачи 
610 1 |a обратные задачи 
610 1 |a решение 
610 1 |a аналитические методы 
610 1 |a численные методы 
610 1 |a высокотемпературная газодинамика 
610 1 |a турбулентные потоки 
610 1 |a перенос 
610 1 |a математическое моделирование 
610 1 |a школы-семинары 
675 |a 536.24:51(063)  |v 4 
801 0 |a RU  |b RuMRKP  |c 19950417  |g psbo 
801 1 |a RU  |b 63413507  |c 20140806 
801 2 |a RU  |b 63413507  |c 20160913  |g RCR 
942 |c BK